P.O.W.E.R. learning and your life : (Record no. 598964)
[ view plain ]
| 000 -LEADER | |
|---|---|
| fixed length control field | 00321nam a2200121Ia 4500 |
| 008 - FIXED-LENGTH DATA ELEMENTS--GENERAL INFORMATION | |
| fixed length control field | 230907s9999||||xx |||||||||||||| ||und|| |
| 082 ## - DEWEY DECIMAL CLASSIFICATION NUMBER | |
| Classification number | 378.198 |
| Author Mark | FEL |
| 100 ## - MAIN ENTRY--PERSONAL NAME | |
| Personal name | Feldman, Robert S. |
| 9 (RLIN) | 89942 |
| 245 #0 - TITLE STATEMENT | |
| Title | P.O.W.E.R. learning and your life : |
| 300 ## - PHYSICAL DESCRIPTION | |
| Extent | pages cm |
| 650 ## - SUBJECT ADDED ENTRY--TOPICAL TERM | |
| Topical term or geographic name entry element | Life skills guides. |
| 9 (RLIN) | 115617 |
| 942 ## - ADDED ENTRY ELEMENTS (KOHA) | |
| Koha item type | Book |
| Withdrawn status | Lost status | Damaged status | Not for loan | Permanent Location | Current Location | Date acquired | Total Checkouts | Full call number | Barcode | Date last seen | Price effective from | Koha item type |
|---|---|---|---|---|---|---|---|---|---|---|---|---|
| US-Pakistan Center for Advanced Studies in Energy (USPCAS-E) | US-Pakistan Center for Advanced Studies in Energy (USPCAS-E) | 08/08/2019 | 378.198 FEL | CAS-E0003063 | 09/12/2023 | 09/12/2023 | Book |
